Carles Pi Sunyer (1888-1971) / Conxa Aguirre ... [et al.] ; coordinació de Francesc Vilanova
Descripción Física:
260 p. : il. ; 24 cm
Colección:
Col·lecció Gent de la Casa Gran ; 8
MARC
| LEADER | 00000nam a2200000Ia 4500 | ||
|---|---|---|---|
| 001 | 10887 | ||
| 008 | 160829s1995 xx 000 0 cat d | ||
| 080 | |a M-2-367 | ||
| 245 | |a Carles Pi Sunyer (1888-1971) / Conxa Aguirre ... [et al.] ; coordinació de Francesc Vilanova | ||
| 260 | |a Barcelona : |b Ajuntament de Barcelona, |c 1995 | ||
| 300 | |a 260 p. : |b il. ; |c 24 cm | ||
| 490 | |a Col·lecció Gent de la Casa Gran ; 8 | ||
| 600 | 1 | 0 | |a Pi i Sunyer, Carles, |d 1888-1971 |9 55456 |
| 650 | |a Polítics |x Catalunya |x S. XX |x Biografia |x Reculls d'escrits |9 30624 | ||
| 700 | |a Aguirre i Ferrer, Conxa |9 30625 | ||
| 700 | |a Vilanova, Francesc |e coordinador |9 37678 | ||
| 901 | |a Arxiu | ||
| 942 | |n 1 |2 udc | ||
| 952 | |0 0 |1 0 |4 0 |6 M2367 |7 1 |9 45464 |a Arxiu |b Arxiu |d 2016-12-01 |l 0 |o M-2-367 |p 10887 |r 2016-12-01 00:00:00 |w 2016-12-01 |y ARXIU | ||
| 999 | |c 48629 |d 48629 | ||